000 01761 a2200229 4500
001 41208
005 20260407155706.0
008 260407a1997 arg spa d
003 AR-UNSa-BCEJYS
040 _aAR-UNSa-BCEJYS
_bspa
_cAR-UNSa-BCEJYS
080 _a347.73
_xOrganizaciones comerciales. Derecho financiero (títulos de crédito)
245 1 0 _aFactura de crédito. Simplificación del cheque diferido
_potros efectos de la ley 24.760 sobre: cheques, concursos, código penal e infracción fiscal
020 _a950-894-089-1
264 1 _aBuenos Aires :
_bAD-HOC
_c1997
300 _a140 p.
_c23 cm.
505 _a1. Contenido, estructura, efectos y objetivos de la ley 24.760 - 2. Normas reglamentarias y complementarias sobre factura de crédito y documentos equivalentes - 3. Factura de crédito: alcance de la obligatoriedad del sistema. Campo de acción remamente de la factura común - 4. Campo de acción remanente del cheque común, la letra de cambio y el pagaré. El caso de la prenda con registro - 5. Requisitos de la factura de crédito. El recibo de factura o recibo factura. Incumplimiento de los requisitos - 6. Circulación de la factura de crédito - 7. Recursos por falta de aceptación y/o pago de la factura de crédito - 8. Factura de crédito: intervención. Normas supletorias. Prescripción - 9. Modificaciones a la Ley de Cheques - 10. A modo de balance sobre las reformas: espacio del cheque de pago diferido dentro y fuera del régimen de las facturas de crédito - 11. Apéndice normativo
041 _aspa
942 _cBK
590 _aniveau_biblio:m niveau_hierar:0
100 1 _aHighton, Federico R.
856 4 1 _uhttps://biblioeco.unsa.edu.ar/pmb/images/libros/factura_de_credito.jpg
_yImagen de portada
_qimage/jpeg
999 _c3421
_d3421